UGC NET/SLECT Social Work (Record no. 46204)

MARC details
000 -LEADER
fixed length control field 00445nam a2200181Ia 4500
008 - FIXED-LENGTH DATA ELEMENTS--GENERAL INFORMATION
fixed length control field 220531s9999 xx 000 0 und d
041 ## - LANGUAGE CODE
Language code of text/sound track or separate title eng
082 ## - DEWEY DECIMAL CLASSIFICATION NUMBER
Item number UGC / SON
100 ## - MAIN ENTRY--PERSONAL NAME
Personal name Sonawane, J. S.
9 (RLIN) 83919
245 ## - TITLE STATEMENT
Title UGC NET/SLECT Social Work
250 ## - EDITION STATEMENT
Edition statement 1ST
260 ## - PUBLICATION, DISTRIBUTION, ETC. (IMPRINT)
Place of publication, distribution, etc. Agra
Name of publisher, distributor, etc. Current
Date of publication, distribution, etc. 2013
300 ## - PHYSICAL DESCRIPTION
Extent 704
542 ## - INFORMATION RELATING TO COPYRIGHT STATUS
Copyright holder 31-05-2018
650 ## - SUBJECT ADDED ENTRY--TOPICAL TERM
Topical term or geographic name as entry element Competitive exam
9 (RLIN) 83920
906 ## - LOCAL DATA ELEMENT F, LDF (RLIN)
d 2018-2019
f 12776
Holdings
Withdrawn status Lost status Source of classification or shelving scheme Damaged status Not for loan Collection code Home library Current library Date acquired Vendor Cost, normal purchase price Total Checkouts Total Holds Full call number Barcode Date last seen Cost, replacement price Bill Date Koha item type Original Barcode
    Dewey Decimal Classification       Shri Siddhivinayak Mahila Mahavidyalaya Shri Siddhivinayak Mahila Mahavidyalaya 23/07/2018 Pritam 1800.00   1 /UGC/SON/B/21903 SSMM-BK-21903 06/08/2022 1800.00 06/08/2022 Books 010021903